000 00317nam a2200121Ia 4500
008 190216s9999||||xx |||||||||||||| ||und||
100 _aOliver Gold Smith
245 4 _aThe Vicar Of Wakefield She Stoops To Conquer Adn Poems
260 _bRadh-Ind Pub
_c1957
300 _a138
650 _aEnglish Essay
942 _cBK
999 _c11995
_d11995